<?xml version="1.0" encoding="UTF-8"?>
<record
    xmlns:xsi="http://www.w3.org/2001/XMLSchema-instance"
    xsi:schemaLocation="http://www.loc.gov/MARC21/slim http://www.loc.gov/standards/marcxml/schema/MARC21slim.xsd"
    xmlns="http://www.loc.gov/MARC21/slim">

  <leader>04942nam a2200457 a 4500</leader>
  <controlfield tag="003">CHAP</controlfield>
  <controlfield tag="005">20250120143305.0</controlfield>
  <controlfield tag="007">cr ||||||a|c|a</controlfield>
  <controlfield tag="008">110120s2010    mx      r     00010 spa d</controlfield>
  <datafield tag="035" ind1=" " ind2=" ">
    <subfield code="a">111956</subfield>
  </datafield>
  <datafield tag="040" ind1=" " ind2=" ">
    <subfield code="c">CHAP</subfield>
  </datafield>
  <datafield tag="090" ind1=" " ind2=" ">
    <subfield code="a">Tesis</subfield>
  </datafield>
  <datafield tag="100" ind1="1" ind2=" ">
    <subfield code="a">Soto S&#xE1;nchez, Mar&#xED;a de Jes&#xFA;s.</subfield>
    <subfield code="9">108917</subfield>
  </datafield>
  <datafield tag="245" ind1="1" ind2="0">
    <subfield code="a">Productividad econ&#xF3;mica relativa del subsector de ganado bovino productor de leche y carne</subfield>
    <subfield code="c">/por Mar&#xED;a de Jes&#xFA;s Soto S&#xE1;nchez; Jos&#xE9; Luis R&#xED;os Flores.</subfield>
  </datafield>
  <datafield tag="264" ind1=" " ind2="1">
    <subfield code="a">Bermejillo, Dgo. :</subfield>
    <subfield code="b">El autor,</subfield>
    <subfield code="c">2010.</subfield>
  </datafield>
  <datafield tag="300" ind1=" " ind2=" ">
    <subfield code="a">1 recurso en l&#xED;nea (65 p&#xE1;ginas):</subfield>
    <subfield code="b">cuadros, figuras.</subfield>
  </datafield>
  <datafield tag="336" ind1=" " ind2=" ">
    <subfield code="2">rdacontent</subfield>
    <subfield code="a">texto</subfield>
    <subfield code="b">txt</subfield>
  </datafield>
  <datafield tag="337" ind1=" " ind2=" ">
    <subfield code="2">rdamedia</subfield>
    <subfield code="a">computadora</subfield>
    <subfield code="b">c</subfield>
  </datafield>
  <datafield tag="338" ind1=" " ind2=" ">
    <subfield code="2">rdacarrier</subfield>
    <subfield code="a">recursos en l&#xED;nea</subfield>
    <subfield code="b">cr</subfield>
  </datafield>
  <datafield tag="502" ind1=" " ind2=" ">
    <subfield code="b">ISP</subfield>
    <subfield code="c">URUZA</subfield>
    <subfield code="d">2010.</subfield>
    <subfield code="g">LIC</subfield>
  </datafield>
  <datafield tag="520" ind1=" " ind2=" ">
    <subfield code="a">Los objetivos de este estudio fueron el determinar las productividades f&#xED;sica y monetaria por vaca en el subsector productor de leche y de carne, as&#xED; como los efectos de la composici&#xF3;n del hato, los rendimientos f&#xED;sicos y los precios reales en el Valor Bruto de la Producci&#xF3;n y el Rendimiento Agregado Monetario Real por Animal (RAMR/A). La delimitaci&#xF3;n temporal &#x2013; espacial del estudio, se acot&#xF3; a la Comarca Lagunera, M&#xE9;xico, para el per&#xED;odo 1990 al 2007. Se utiliz&#xF3; la metodolog&#xED;a de la Econom&#xED;a Descriptiva, con enfoques macroecon&#xF3;mico y est&#xE1;tico-comparativo, compar&#xE1;ndose siempre los datos suavizados de los trienios de 2005-07 versus 1990-92. Los resultados muestran que a nivel regional se encontr&#xF3; que el n&#xFA;mero de bovinos decremento 1.7% al pasar de 559,741 a 410,487 bovinos. Mientras que en bovinos lecheras incrementaron su n&#xFA;mero en 22% al pasar de 150,475 animales en el a&#xF1;o base hasta 184,532, lo que provoco que la producci&#xF3;n se elev&#xF3; 144.6% al pasar de 33,057litros a 80,857litos anuales, asimismo el valor increment&#xF3; 71.1% al pasar $127.5 millones de pesos a $218.4 millones de pesos, a pesar de que el precio real por litro de leche descendi&#xF3; 31.9%, al pasar de $3.96 a $2.70. Por otro lado, los bovinos productores de carne disminuyeron su n&#xFA;mero en 44.8% al pasar de 409,267 animales hasta 225,965 animales en el trienio 2005-07, sin embargo, la producci&#xF3;n de carne se increment&#xF3; 9.6% al pasar 3,709 toneladas anuales a 4,064 toneladas anuales en el &#xFA;ltimo trienio, por otro lado, el valor generado disminuyo 21.4% al pasar de $124.1 millones de pesos a $97.5 millones de pesos, al disminuir el precio por kilogramo de carne en 29.1% al pasar de $33.83 a $23.97. La productividad f&#xED;sica de la cabra lechera aument&#xF3; 70% al pasar de 261.6 a 444.6 litros anuales de leche/cabra y la productividad monetaria, medida como RAMR/cabra, se increment&#xF3; de $1,037 a $1,201 por cabra por a&#xF1;o. Mientras que la productividad f&#xED;sica de la cabra productora de carne incremento 103.4% al pasar de 9.06 kilogramos anuales por cabra a 18.42 kilogramos anuales por cabra, y la productividad monetaria, medida como RAMR/cabra se increment&#xF3; de $735 a $1,060 por cabra por a&#xF1;o. La composici&#xF3;n del hato cambi&#xF3; de 1 cabra a 272 bovinos productoras de carne en el a&#xF1;o base, a 1 cabra lechera : 122 bovinos productoras de carne, lo que produjo que el VBP cayese 12.6%, de $315.9 millones a $361.4 millones, mientras que el RAMR/animal se elev&#xF3; en 75.1% al pasar de $646/ cabra a $1,130/ cabra, al crecer los rendimientos f&#xED;sicos de las bovinos lecheras (en +70%) y los rendimientos en bovinos productores de carne (en 103.4%), de 261.6 a 444.6 litros anuales y de 9.06 a 18.42 kilos por animal respectivamente, incremento el VBP en 76.1% al pasar de $179.4 millones de pesos a $135.9 millones de pesos, asimismo el RAMR/animal increment&#xF3; 158.6% al pasar de $437millones de pesos a $1,130 millones de pesos, por otro lado al desmejorarse los precios reales por litro de leche y de carne de $3.96 a $2.70 en la leche y $33.83 $23.97 en la carne redujo el VBP en 32.2% al pasar de $466/cabra a $315.9/cabra, mientras que el RAMR/cabra disminuy&#xF3; en 0.4% al pasar de $1,135/ cabra a $1, 130/cabra.</subfield>
  </datafield>
  <datafield tag="590" ind1=" " ind2=" ">
    <subfield code="a">ALEPH</subfield>
    <subfield code="b">10</subfield>
    <subfield code="c">20130110</subfield>
  </datafield>
  <datafield tag="590" ind1=" " ind2=" ">
    <subfield code="a">BATCH-UPD</subfield>
    <subfield code="b">10</subfield>
    <subfield code="c">20130110</subfield>
  </datafield>
  <datafield tag="590" ind1=" " ind2=" ">
    <subfield code="a">BATCH-UPD</subfield>
    <subfield code="b">10</subfield>
    <subfield code="c">20130410</subfield>
  </datafield>
  <datafield tag="590" ind1=" " ind2=" ">
    <subfield code="a">BATCH-UPD</subfield>
    <subfield code="b">10</subfield>
    <subfield code="c">20130914</subfield>
  </datafield>
  <datafield tag="590" ind1=" " ind2=" ">
    <subfield code="a">BATCH-UPD</subfield>
    <subfield code="b">10</subfield>
    <subfield code="c">20140324</subfield>
  </datafield>
  <datafield tag="590" ind1=" " ind2=" ">
    <subfield code="a">BATCH-UPD</subfield>
    <subfield code="b">10</subfield>
    <subfield code="c">20141002</subfield>
  </datafield>
  <datafield tag="590" ind1=" " ind2=" ">
    <subfield code="a">CONVERSION</subfield>
    <subfield code="b">10</subfield>
    <subfield code="c">20130109</subfield>
  </datafield>
  <datafield tag="650" ind1="1" ind2="4">
    <subfield code="a">Ganado vacuno</subfield>
    <subfield code="x">Aspectos econ&#xF3;micos.</subfield>
    <subfield code="9">45436</subfield>
  </datafield>
  <datafield tag="650" ind1="1" ind2="4">
    <subfield code="a">Ganado vacuno</subfield>
    <subfield code="x">Comarca Lagunera.</subfield>
    <subfield code="9">45446</subfield>
  </datafield>
  <datafield tag="650" ind1="1" ind2="4">
    <subfield code="a">Ganado vacuno</subfield>
    <subfield code="x">Producci&#xF3;n.</subfield>
    <subfield code="9">45506</subfield>
  </datafield>
  <datafield tag="650" ind1="1" ind2="4">
    <subfield code="a">Ganado vacuno</subfield>
    <subfield code="x">Subproductos.</subfield>
    <subfield code="9">45516</subfield>
  </datafield>
  <datafield tag="700" ind1="1" ind2=" ">
    <subfield code="a">R&#xED;os Flores, Jos&#xE9; Luis</subfield>
    <subfield code="9">99197</subfield>
    <subfield code="e">Director de tesis.</subfield>
  </datafield>
  <datafield tag="856" ind1=" " ind2=" ">
    <subfield code="u">http://10.13.5.2/tesis/111956.pdf</subfield>
    <subfield code="z">DESCARGAR PDF</subfield>
  </datafield>
  <datafield tag="901" ind1=" " ind2=" ">
    <subfield code="a">BK</subfield>
  </datafield>
  <datafield tag="942" ind1=" " ind2=" ">
    <subfield code="c">TD</subfield>
    <subfield code="2">Clasificaci&#xF3;n Universidad Aut&#xF3;noma Chapingo</subfield>
  </datafield>
  <datafield tag="949" ind1=" " ind2=" ">
    <subfield code="a">Tesis</subfield>
    <subfield code="b">BC</subfield>
    <subfield code="c">TES</subfield>
    <subfield code="d">33724002228611</subfield>
    <subfield code="e">TS2</subfield>
    <subfield code="f">c.2</subfield>
    <subfield code="g">Donaci&#xD8;n</subfield>
    <subfield code="h">51779</subfield>
    <subfield code="i">111956</subfield>
    <subfield code="s">b</subfield>
  </datafield>
  <datafield tag="949" ind1=" " ind2=" ">
    <subfield code="a">Tesis</subfield>
    <subfield code="b">BC</subfield>
    <subfield code="c">TES</subfield>
    <subfield code="d">33724002228652</subfield>
    <subfield code="e">TS1</subfield>
    <subfield code="g">Donaci&#xD8;n</subfield>
    <subfield code="h">51778</subfield>
    <subfield code="i">111956</subfield>
    <subfield code="s">b</subfield>
  </datafield>
  <datafield tag="999" ind1=" " ind2=" ">
    <subfield code="c">100297</subfield>
    <subfield code="d">100297</subfield>
  </datafield>
  <datafield tag="952" ind1=" " ind2=" ">
    <subfield code="0">0</subfield>
    <subfield code="1">0</subfield>
    <subfield code="2">local</subfield>
    <subfield code="4">0</subfield>
    <subfield code="5">1</subfield>
    <subfield code="7">0</subfield>
    <subfield code="8">TesDigL</subfield>
    <subfield code="a">BD</subfield>
    <subfield code="b">BD</subfield>
    <subfield code="c">E_L</subfield>
    <subfield code="d">2019-12-31</subfield>
    <subfield code="l">0</subfield>
    <subfield code="o">Tesis digital</subfield>
    <subfield code="r">2019-12-31 00:00:00</subfield>
    <subfield code="w">2019-12-31</subfield>
    <subfield code="y">TD</subfield>
  </datafield>
</record>
